[Event "Titled Tuesday intern op 16th Apr Late"]
[Site "Chess.com INT"]
[Date "2024.04.16"]
[Round "2"]
[White "Kilic, Eray"]
[Black "Stankovic, Boris"]
[Result "1-0"]
[WhiteElo "2429"]
[BlackElo "2311"]
[PlyCount "41"]
[EventDate "2024.04.16"]
[EventType "swiss (blitz)"]
[EventRounds "11"]
[EventCountry "USA"]
[SourceTitle "CB17_2024"]
[SourceDate "2024.04.24"]
[SourceVersion "1"]
[SourceVersionDate "2024.04.24"]
[SourceQuality "1"]

1. e4 c5 2. Nc3 e6 3. f4 d6 4. Nf3 g6 5. Bc4 Bg7 6. 0-0 Ne7 7. d3 Nbc6 8. Qe1 Nd4 9. Nxd4 cxd4 10. Ne2 d5 11. Bb3 dxe4 12. dxe4 b5 13. Ng3 0-0 14. f5 exf5 15. Bg5 h6 16. Bxe7 Qxe7 17. exf5 Qg5 18. Qe4 Bxf5 19. Nxf5 Rae8 20. Bxf7+ Kxf7 21. Nxh6# 1-0

[Event "Karlsruhe Grenke op"]
[Site "Karlsruhe"]
[Date "2024.03.31"]
[Round "7"]
[White "Kilic, Eray"]
[Black "Senthil, Maran K"]
[Result "1/2-1/2"]
[WhiteElo "2439"]
[BlackElo "2301"]
[PlyCount "70"]
[EventDate "2024.03.28"]
[EventType "swiss"]
[EventRounds "9"]
[EventCountry "GER"]
[SourceTitle "CB14_2024"]
[SourceDate "2024.04.01"]
[SourceVersion "1"]
[SourceVersionDate "2024.04.01"]
[SourceQuality "1"]

1. e4 c6 2. Nc3 d5 3. Nf3 dxe4 4. Nxe4 Nf6 5. Nxf6+ exf6 6. d4 Bd6 7. Bd3 0-0 8. 0-0 Re8 9. h3 Nd7 10. Re1 Rxe1+ 11. Qxe1 Nf8 12. Be3 Be6 13. c4 Qd7 14. Qf1 g5 15. Nd2 Bf5 16. Ne4 Bxe4 17. Bxe4 f5 18. Bc2 f4 19. Bd2 Be5 20. Rd1 Qxd4 21. Bc3 Qc5 22. b4 Qe7 23. Re1 f6 24. Bxe5 fxe5 25. Qe2 Re8 26. Qh5 Kg7 27. c5 Ng6 28. Qg4 Rd8 29. Rd1 Rd4 30. a3 Qd8 31. Re1 Qe7 32. Be4 Rd2 33. Rd1 Qd8 34. Rxd2 Qxd2 35. Bxg6 hxg6 1/2-1/2

[Event "Karlsruhe Grenke op"]
[Site "Karlsruhe"]
[Date "2024.03.30"]
[Round "5"]
[White "Kilic, Eray"]
[Black "Seul, Georg"]
[Result "1-0"]
[WhiteElo "2439"]
[BlackElo "2359"]
[PlyCount "55"]
[EventDate "2024.03.28"]
[EventType "swiss"]
[EventRounds "9"]
[EventCountry "GER"]
[SourceTitle "CB14_2024"]
[SourceDate "2024.04.01"]
[SourceVersion "1"]
[SourceVersionDate "2024.04.01"]
[SourceQuality "1"]

1. e4 c6 2. Nc3 d5 3. Nf3 Bg4 4. h3 Bxf3 5. Qxf3 e6 6. d4 Nf6 7. Bd3 dxe4 8. Nxe4 Qxd4 9. c3 Qd8 10. Bf4 Nbd7 11. Rd1 Qa5 12. 0-0 Ne5 13. Nxf6+ gxf6 14. Bxe5 fxe5 15. Qf6 Rg8 16. Bxh7 Be7 17. Qh6 Rf8 18. a3 Rd8 19. Bc2 Rd5 20. Be4 Rxd1 21. Rxd1 Qa4 22. Qd2 f5 23. Bf3 Rh8 24. Qd7+ Kf7 25. Qxb7 Qh4 26. Bxc6 e4 27. Bd7 Rg8 28. Bxe6+ 1-0

[Event "Titled Tuesday intern op 12th Mar Early"]
[Site "Chess.com INT"]
[Date "2024.03.12"]
[Round "8"]
[White "Kilic, Eray"]
[Black "Borgaonkar, Akshay"]
[Result "1-0"]
[WhiteElo "2439"]
[BlackElo "2372"]
[PlyCount "117"]
[EventDate "2024.03.12"]
[EventType "swiss (blitz)"]
[EventRounds "11"]
[EventCountry "USA"]
[SourceTitle "CB12_2024"]
[SourceDate "2023.10.01"]
[SourceVersion "1"]
[SourceVersionDate "2023.10.01"]
[SourceQuality "1"]

1. e4 c5 2. Nc3 a6 3. a4 Nc6 4. f4 g6 5. Nf3 Bg7 6. Bc4 d6 7. 0-0 Nf6 8. d3 0-0 9. Qe1 Bg4 10. e5 dxe5 11. Nxe5 Nxe5 12. fxe5 Qd4+ 13. Kh1 Nh5 14. Nd5 Qxe5 15. Nxe7+ Kh8 16. Qxe5 Bxe5 17. Bh6 Bg7 18. Bxg7+ Kxg7 19. Rae1 Be6 20. Nd5 b5 21. axb5 axb5 22. Bb3 c4 23. dxc4 bxc4 24. Bxc4 Rac8 25. b3 Bxd5 26. Bxd5 Rxc2 27. Re7 Nf6 28. Bc4 Rb2 29. h3 h5 30. Kh2 Rd2 31. Rf4 Nd5 32. Rd7 Rxg2+ 33. Kxg2 Nxf4+ 34. Kg3 g5 35. h4 Ng6 36. hxg5 h4+ 37. Kh3 Ne5 38. Rc7 Rh8 39. Bd5 Kg6 40. Re7 Nd3 41. Be4+ Kxg5 42. Bxd3 f6 43. Rg7+ Kf4 44. Rg4+ Ke3 45. Bc4 f5 46. Rxh4 Rd8 47. Rh7 f4 48. Kg4 f3 49. Re7+ Kf2 50. Rf7 Rd4+ 51. Rf4 Rd6 52. Rxf3+ Kg2 53. Rf5 Kh2 54. Kf3 Kg1 55. Ke4 Kh2 56. Bd5 Rb6 57. Kd4 Kg3 58. Kc5 Kh4 59. Kxb6 1-0

[Event "Titled Tuesday intern op 12th Mar Early"]
[Site "Chess.com INT"]
[Date "2024.03.12"]
[Round "10"]
[White "Kilic, Eray"]
[Black "Matinian, Nikita"]
[Result "1-0"]
[WhiteElo "2439"]
[BlackElo "2405"]
[PlyCount "79"]
[EventDate "2024.03.12"]
[EventType "swiss (blitz)"]
[EventRounds "11"]
[EventCountry "USA"]
[SourceTitle "CB12_2024"]
[SourceDate "2023.10.01"]
[SourceVersion "1"]
[SourceVersionDate "2023.10.01"]
[SourceQuality "1"]

1. e4 c5 2. Nc3 Nc6 3. f4 g6 4. Nf3 Bg7 5. Bc4 e6 6. 0-0 Nge7 7. d3 0-0 8. Qe1 d5 9. Bb3 Na5 10. f5 Nxb3 11. axb3 exf5 12. Bg5 f6 13. Bd2 fxe4 14. dxe4 d4 15. Ne2 Re8 16. Nf4 Nc6 17. Qe2 Qc7 18. Qc4+ Qf7 19. Qxc5 Bg4 20. Nd5 Bxf3 21. Rxf3 Rxe4 22. Raf1 Re5 23. Nxf6+ Bxf6 24. Qd6 Rf5 25. Rxf5 gxf5 26. Rxf5 Be7 27. Qg3+ Qg7 28. Qh3 Qg6 29. Bh6 Re8 30. Rf3 Bd6 31. Bd2 Qxc2 32. Qd7 Qg6 33. Qxb7 d3 34. Kf1 Nd8 35. Qd5+ Nf7 36. Bc3 Be5 37. Qd7 Bxc3 38. Qxe8+ Kg7 39. bxc3 d2 40. Qxf7+ 1-0

[Event "Titled Tuesday intern op 27th Feb Late"]
[Site "Chess.com INT"]
[Date "2024.02.27"]
[Round "4"]
[White "Kilic, Eray"]
[Black "Aghasiyev, Kamal"]
[Result "0-1"]
[WhiteElo "2439"]
[BlackElo "2441"]
[PlyCount "64"]
[EventDate "2024.02.27"]
[EventType "swiss (blitz)"]
[EventRounds "11"]
[EventCountry "USA"]
[SourceTitle "CB10_2024"]
[SourceDate "2024.03.06"]
[SourceVersion "1"]
[SourceVersionDate "2024.03.06"]
[SourceQuality "1"]

1. e4 e5 2. Nf3 Nc6 3. Nc3 Nf6 4. h3 Bb4 5. Bd3 d6 6. 0-0 a6 7. a3 Bc5 8. b4 Bb6 9. Bc4 0-0 10. d3 h6 11. Be3 Bxe3 12. fxe3 Be6 13. Nd2 d5 14. exd5 Nxd5 15. Bxd5 Bxd5 16. Nde4 Bxe4 17. Nxe4 f5 18. Nc5 Qg5 19. Qf3 Rae8 20. Qd5+ Kh7 21. Rf3 Rd8 22. Qc4 e4 23. Ne6 Qf6 24. Nxf8+ Rxf8 25. Rf2 Qxa1+ 26. Kh2 Qe5+ 27. g3 exd3 28. Qxd3 Rf6 29. c4 Qe4 30. Qc3 Rd6 31. Rf4 Qb1 32. g4 Rd3 0-1

[Event "Titled Tuesday intern op 13th Feb Late"]
[Site "Chess.com INT"]
[Date "2024.02.13"]
[Round "1"]
[White "Bornholdt, Joa Max"]
[Black "Kilic, Eray"]
[Result "0-1"]
[WhiteElo "2268"]
[BlackElo "2439"]
[PlyCount "122"]
[EventDate "2024.02.13"]
[EventType "swiss (blitz)"]
[EventRounds "11"]
[EventCountry "USA"]
[SourceTitle "CB08_2024"]
[SourceDate "2024.02.21"]
[SourceVersion "1"]
[SourceVersionDate "2024.02.21"]
[SourceQuality "1"]

1. e4 e5 2. f4 d5 3. exd5 exf4 4. Nf3 Qxd5 5. Nc3 Qe6+ 6. Be2 Nf6 7. 0-0 Be7 8. d4 0-0 9. Bxf4 Bd6 10. Qd2 Nc6 11. Rae1 Bxf4 12. Qxf4 Qd6 13. Qh4 Bg4 14. Nb5 Qd8 15. Ng5 h6 16. Bxg4 Nxg4 17. Qxg4 hxg5 18. c3 a6 19. Na3 f6 20. Re3 Qd5 21. b3 Rfe8 22. Rfe1 Rxe3 23. Rxe3 b5 24. Nc2 a5 25. Qe6+ Qxe6 26. Rxe6 Nd8 27. Re7 c6 28. Ne3 a4 29. Nf5 axb3 30. axb3 Kf8 31. Rxg7 Ne6 32. Rb7 Ra2 33. Nd6 Nf4 34. g3 Nh3+ 35. Kf1 Rxh2 36. Rf7+ Kg8 37. Rxf6 Kg7 38. Rf5 Kg6 39. Rc5 Kh5 40. Ne4 Kg4 41. Ke1 Ra2 42. Rxc6 Kf3 43. Nd2+ Ke3 44. Re6+ Kd3 45. Kf1 Rxd2 46. d5 Kxc3 47. d6 Kxb3 48. Re3+ Ka4 49. Re4+ b4 50. Ke1 Rxd6 51. g4 Nf4 52. Kf2 Rd2+ 53. Kg1 Rg2+ 54. Kh1 Rxg4 55. Re3 b3 56. Kh2 Rg2+ 57. Kh1 Rc2 58. Kg1 b2 59. Re4+ Kb3 60. Re3+ Ka2 61. Re2 Rxe2 0-1

[Event "Titled Tuesday intern op 13th Feb Early"]
[Site "Chess.com INT"]
[Date "2024.02.13"]
[Round "5"]
[White "Kilic, Eray"]
[Black "Lund, Gunnar"]
[Result "1-0"]
[WhiteElo "2439"]
[BlackElo "2321"]
[PlyCount "77"]
[EventDate "2024.02.13"]
[EventType "swiss (blitz)"]
[EventRounds "11"]
[EventCountry "USA"]
[SourceTitle "CB08_2024"]
[SourceDate "2024.02.21"]
[SourceVersion "1"]
[SourceVersionDate "2024.02.21"]
[SourceQuality "1"]

1. e4 e6 2. d4 d5 3. e5 c5 4. c3 Nc6 5. Nf3 Bd7 6. Bd3 Qb6 7. dxc5 Bxc5 8. 0-0 a5 9. Nbd2 Nge7 10. Nb3 Ng6 11. Nxc5 Qxc5 12. Re1 a4 13. h4 a3 14. h5 Nge7 15. Be3 Qa5 16. b4 Qa4 17. Bc2 Qb5 18. Bc5 h6 19. Nd4 Nxd4 20. cxd4 Nc6 21. Qg4 0-0-0 22. Qg3 Qa6 23. b5 Qxb5 24. Qxa3 b6 25. Bd3 Qa5 26. Qxa5 Nxa5 27. Bxb6 Nc4 28. Bxd8 Rxd8 29. Rab1 Na5 30. Rec1+ Nc6 31. Bb5 Kc7 32. Bxc6 Bxc6 33. Rc5 Ra8 34. Rbc1 Ra6 35. R1c2 Kd7 36. Kh2 f6 37. f4 Rb6 38. R2c3 Ra6 39. Rg3 1-0

[Event "Titled Tuesday intern op 13th Feb Early"]
[Site "Chess.com INT"]
[Date "2024.02.13"]
[Round "11"]
[White "Kilic, Eray"]
[Black "Niemann, Hans Moke"]
[Result "0-1"]
[WhiteElo "2439"]
[BlackElo "2675"]
[PlyCount "68"]
[EventDate "2024.02.13"]
[EventType "swiss (blitz)"]
[EventRounds "11"]
[EventCountry "USA"]
[SourceTitle "CB08_2024"]
[SourceDate "2024.02.21"]
[SourceVersion "1"]
[SourceVersionDate "2024.02.21"]
[SourceQuality "1"]

1. e4 c5 2. Nf3 d6 3. Bb5+ Nd7 4. d4 cxd4 5. Nxd4 Ngf6 6. 0-0 a6 7. Bd3 Nc5 8. Nc3 e6 9. Be3 Qc7 10. Nb3 b6 11. f4 Bb7 12. Nxc5 bxc5 13. f5 Rd8 14. fxe6 fxe6 15. Qe2 Qc8 16. Bg5 Be7 17. Bc4 h6 18. Bxf6 Bxf6 19. Qg4 Kf7 20. Qh5+ Ke7 21. Rae1 Rdf8 22. Qg4 h5 23. Qh3 Rh6 24. Qd3 Be5 25. Rxf8 Qxf8 26. Rf1 Rf6 27. Rd1 Rf2 28. Bxa6 Bd4 29. Kh1 Bxa6 30. Qxa6 Qf4 31. Qd3 h4 32. a4 Be5 33. g3 hxg3 34. Qxg3 Rxh2+ 0-1

[Event "Titled Tuesday intern op 13th Feb Early"]
[Site "Chess.com INT"]
[Date "2024.02.13"]
[Round "1"]
[White "Kilic, Eray"]
[Black "Ronka, Erik"]
[Result "1-0"]
[WhiteElo "2439"]
[BlackElo "2300"]
[PlyCount "53"]
[EventDate "2024.02.13"]
[EventType "swiss (blitz)"]
[EventRounds "11"]
[EventCountry "USA"]
[SourceTitle "CB08_2024"]
[SourceDate "2024.02.21"]
[SourceVersion "1"]
[SourceVersionDate "2024.02.21"]
[SourceQuality "1"]

1. d4 d5 2. Nc3 Nf6 3. Bf4 c5 4. e3 cxd4 5. exd4 Nc6 6. Nb5 Bg4 7. f3 Bf5 8. Nc7+ Kd7 9. Nxa8 Qxa8 10. c3 e6 11. Bd3 Bg6 12. Ne2 Bd6 13. 0-0 Qb8 14. Bg3 Bxg3 15. Nxg3 Qd6 16. Qd2 Rb8 17. f4 Bxd3 18. Qxd3 g6 19. f5 gxf5 20. Nxf5 exf5 21. Qxf5+ Ke7 22. Rae1+ Ne4 23. Qxf7+ Kd8 24. Qxh7 Ne7 25. c4 Ng5 26. Rf8+ Kd7 27. Qxe7+ 1-0

[Event "Titled Tuesday intern op 13th Feb Late"]
[Site "Chess.com INT"]
[Date "2024.02.13"]
[Round "3"]
[White "Korchmar, Vasiliy"]
[Black "Kilic, Eray"]
[Result "1-0"]
[WhiteElo "2438"]
[BlackElo "2439"]
[PlyCount "157"]
[EventDate "2024.02.13"]
[EventType "swiss (blitz)"]
[EventRounds "11"]
[EventCountry "USA"]
[SourceTitle "CB08_2024"]
[SourceDate "2024.02.21"]
[SourceVersion "1"]
[SourceVersionDate "2024.02.21"]
[SourceQuality "1"]

1. e4 c5 2. d4 cxd4 3. Qxd4 Nc6 4. Qd3 g6 5. Nc3 Bg7 6. Nf3 d6 7. Be2 Nf6 8. 0-0 0-0 9. Nd5 Bg4 10. c3 Rc8 11. Bg5 Bxf3 12. Qxf3 Ne5 13. Qe3 Nxd5 14. exd5 Re8 15. Qxa7 Qc7 16. Bb5 Nd7 17. Qe3 e6 18. dxe6 Rxe6 19. Qh3 Ne5 20. Bh6 Qc5 21. a4 Bxh6 22. Qxh6 Ng4 23. Qf4 h5 24. Bd7 Rf6 25. Qg3 Rd8 26. Bxg4 hxg4 27. Qxg4 d5 28. Rad1 Rdd6 29. Rd4 Qb6 30. Rb4 Qc7 31. Qg3 Qe7 32. h3 Rde6 33. Qb8+ Kg7 34. Qxb7 Qc5 35. Qb5 Qd6 36. Qd3 Re5 37. Rd4 Ref5 38. Qd2 Qe6 39. a5 Rh5 40. b4 Rff5 41. Qe3 Re5 42. Qd3 Rhg5 43. b5 Re1 44. Rxe1 Qxe1+ 45. Qf1 Qxc3 46. Ra4 Re5 47. Kh2 Re1 48. Ra3 Qe5+ 49. f4 Qe7 50. Qf3 Qc5 51. Qc3+ Qxc3 52. Rxc3 d4 53. Rb3 Ra1 54. b6 d3 55. b7 d2 56. Rd3 Rb1 57. Rxd2 Rxb7 58. Ra2 Ra7 59. a6 Kf6 60. g4 Ke6 61. Kg3 Kd5 62. h4 Ke4 63. h5 gxh5 64. gxh5 Kf5 65. Ra5+ Kf6 66. Kg4 Ke6 67. Kg5 f6+ 68. Kg6 Ra8 69. Kg7 Ra7+ 70. Kg6 Ra8 71. a7 f5 72. h6 Rg8+ 73. Kh5 Ra8 74. h7 Kf6 75. Kh6 Kf7 76. Ra6 Ke7 77. Kg7 Rh8 78. Kxh8 Kf7 79. a8Q 1-0

[Event "Titled Tuesday intern op 13th Feb Early"]
[Site "Chess.com INT"]
[Date "2024.02.13"]
[Round "7"]
[White "Tregubov, Pavel V"]
[Black "Kilic, Eray"]
[Result "0-1"]
[WhiteElo "2567"]
[BlackElo "2439"]
[PlyCount "48"]
[EventDate "2024.02.13"]
[EventType "swiss (blitz)"]
[EventRounds "11"]
[EventCountry "USA"]
[SourceTitle "CB08_2024"]
[SourceDate "2024.02.21"]
[SourceVersion "1"]
[SourceVersionDate "2024.02.21"]
[SourceQuality "1"]

1. e4 c5 2. Nf3 d6 3. d4 cxd4 4. Qxd4 Nc6 5. Qd3 g6 6. Nc3 Bg7 7. Be2 Nf6 8. 0-0 0-0 9. Nd5 Bg4 10. c3 Rc8 11. h3 Bd7 12. Bg5 Nxd5 13. exd5 Ne5 14. Nxe5 Bxe5 15. Rfe1 Re8 16. Qe3 Qa5 17. Bf3 b5 18. a3 Qa4 19. Be2 f6 20. Bh6 Qh4 21. Qxa7 Bxh3 22. Qe3 Bxg2 23. Kxg2 Qh2+ 24. Kf3 Qh3+ 0-1

[Event "Titled Tuesday intern op 13th Feb Early"]
[Site "Chess.com INT"]
[Date "2024.02.13"]
[Round "2"]
[White "Vovk, Orest"]
[Black "Kilic, Eray"]
[Result "1-0"]
[WhiteElo "2315"]
[BlackElo "2439"]
[PlyCount "123"]
[EventDate "2024.02.13"]
[EventType "swiss (blitz)"]
[EventRounds "11"]
[EventCountry "USA"]
[SourceTitle "CB08_2024"]
[SourceDate "2024.02.21"]
[SourceVersion "1"]
[SourceVersionDate "2024.02.21"]
[SourceQuality "1"]

1. h4 e5 2. h5 d5 3. h6 Nxh6 4. d4 e4 5. Bxh6 gxh6 6. e3 Be6 7. c4 c6 8. Qb3 Qb6 9. Nc3 Qxb3 10. axb3 Bb4 11. Rxh6 Nd7 12. Nh3 Bxh3 13. Rxh3 a6 14. Rh5 0-0-0 15. g3 Kb8 16. Bh3 Nb6 17. c5 Na8 18. Ke2 Bxc3 19. bxc3 Nc7 20. Bf5 f6 21. Rah1 Nb5 22. Kd2 a5 23. Rxh7 Rxh7 24. Rxh7 Rf8 25. c4 Nc7 26. Rh1 Na6 27. cxd5 cxd5 28. Be6 Nb4 29. Rh5 Rd8 30. Rf5 Rh8 31. Bxd5 Rh1 32. Bxe4 Ra1 33. Rxf6 Ra2+ 34. Ke1 Rb2 35. Rf7 Rxb3 36. Rxb7+ Kc8 37. Ra7 Ra3 38. g4 a4 39. g5 Ra1+ 40. Ke2 a3 41. g6 a2 42. Bg2 Rg1 43. Kf3 Nc2 44. g7 Ne1+ 45. Ke2 Rxg2 46. Kxe1 Rxg7 47. Rxa2 Rg2 48. Ke2 Kd7 49. Kd3 Kc6 50. Kc4 Rg1 51. d5+ Kc7 52. e4 Rc1+ 53. Kd4 Kd7 54. c6+ Ke8 55. Ke5 Ke7 56. f4 Kf7 57. f5 Kg7 58. Ra7+ Kh6 59. c7 Kg5 60. d6 Kh6 61. d7 Rc5+ 62. Kf4 1-0

[Event "Titled Tuesday intern op 06th Feb Early"]
[Site "Chess.com INT"]
[Date "2024.02.06"]
[Round "6"]
[White "Kilic, Eray"]
[Black "Agibileg, Uurtsaikh"]
[Result "0-1"]
[WhiteElo "2439"]
[BlackElo "2445"]
[PlyCount "116"]
[EventDate "2024.02.06"]
[EventType "swiss (blitz)"]
[EventRounds "11"]
[EventCountry "USA"]
[SourceTitle "CB07_2024"]
[SourceDate "2024.02.14"]
[SourceVersion "1"]
[SourceVersionDate "2024.02.14"]
[SourceQuality "1"]

1. e4 e5 2. Nf3 Nc6 3. Nc3 Nf6 4. h3 a6 5. d4 exd4 6. Nxd4 Bb4 7. Nxc6 bxc6 8. Bd3 d5 9. exd5 cxd5 10. 0-0 0-0 11. Bg5 h6 12. Bxf6 Qxf6 13. Nxd5 Qg5 14. Nxb4 Bb7 15. Qg4 Qxg4 16. hxg4 a5 17. a3 axb4 18. axb4 Rab8 19. Ra7 Rfd8 20. Re1 Kf8 21. f3 Rd4 22. b5 g6 23. Re5 Rb4 24. b3 Rd4 25. Rc5 Rd7 26. Kf2 Ke7 27. Ke3 Kd6 28. b4 Re7+ 29. Kd2 Ree8 30. Rc4 Re7 31. Rd4+ Ke5 32. c3 Kf6 33. b6 cxb6 34. Rd6+ Re6 35. Rd7 Bc6 36. Rxf7+ Kg5 37. Rae7 Rd6 38. Ke3 Kh4 39. Rg7 Rbd8 40. Bxg6 Kg3 41. g5 Rd1 42. Ke2 Bb5+ 43. Bd3 R1xd3 44. gxh6+ Kh2 45. Kf2 Rd2+ 46. Ke3 Re2+ 47. Kf4 Rxe7 48. Rxe7 Kxg2 49. h7 Rh8 50. Ke3 Ba4 51. f4 Bc2 52. Rg7+ Kf1 53. Rb7 Rxh7 54. Rxb6 Rc7 55. Kd2 Bb3 56. Rf6 Kf2 57. Kd3 Kf3 58. Rf5 Rd7+ 0-1

[Event "Titled Tuesday intern op 06th Feb Late"]
[Site "Chess.com INT"]
[Date "2024.02.06"]
[Round "5"]
[White "Kilic, Eray"]
[Black "Manukyan, Sargis A"]
[Result "1-0"]
[WhiteElo "2439"]
[BlackElo "2216"]
[PlyCount "47"]
[EventDate "2024.02.06"]
[EventType "swiss (blitz)"]
[EventRounds "11"]
[EventCountry "USA"]
[SourceTitle "CB07_2024"]
[SourceDate "2024.02.14"]
[SourceVersion "1"]
[SourceVersionDate "2024.02.14"]
[SourceQuality "1"]

1. e4 c5 2. Nc3 d6 3. f4 Nc6 4. Nf3 g6 5. Bc4 Bg7 6. 0-0 e6 7. d3 Nge7 8. Qe1 0-0 9. f5 gxf5 10. Qh4 fxe4 11. Ng5 h6 12. Ncxe4 Ng6 13. Qh5 d5 14. Nf6+ Kh8 15. Bb3 Nce7 16. Ngh7 Ng8 17. Nxf8 Qxf8 18. Nxg8 Kxg8 19. c3 b5 20. d4 cxd4 21. Bc2 Ne7 22. Bh7+ Kxh7 23. Rxf7 Qg8 24. Qxh6# 1-0

[Event "Titled Tuesday intern op 06th Feb Late"]
[Site "Chess.com INT"]
[Date "2024.02.06"]
[Round "2"]
[White "Kilic, Eray"]
[Black "Rahmanidis, Petros"]
[Result "1-0"]
[WhiteElo "2439"]
[BlackElo "2301"]
[PlyCount "85"]
[EventDate "2024.02.06"]
[EventType "swiss (blitz)"]
[EventRounds "11"]
[EventCountry "USA"]
[SourceTitle "CB07_2024"]
[SourceDate "2024.02.14"]
[SourceVersion "1"]
[SourceVersionDate "2024.02.14"]
[SourceQuality "1"]

1. d4 Nf6 2. Nc3 d5 3. Bf4 g6 4. Nb5 Na6 5. e3 Bg7 6. Nc3 Nb8 7. h3 c6 8. Nf3 0-0 9. Be2 b5 10. 0-0 a5 11. Ne5 Nfd7 12. Nxd7 Nxd7 13. Re1 e5 14. dxe5 Nxe5 15. Bg3 Qe7 16. Kh1 Rd8 17. e4 dxe4 18. Qc1 f5 19. f3 b4 20. Na4 Be6 21. fxe4 fxe4 22. Qe3 Bd5 23. Rad1 Nf7 24. c4 bxc3 25. Nxc3 Nh6 26. Nxd5 cxd5 27. Qb3 Nf5 28. Rxd5 Nxg3+ 29. Kh2 Kh8 30. Rxd8+ Rxd8 31. Kxg3 Be5+ 32. Kf2 Qc5+ 33. Kf1 Rf8+ 34. Bf3 exf3 35. gxf3 Bg3 36. Re2 Bh4 37. Qd3 Bf6 38. b3 Rd8 39. Qc2 Qxc2 40. Rxc2 Rd5 41. Rc7 Rf5 42. Ke2 Rh5 43. Rf7 1-0

[Event "Titled Tuesday intern op 06th Feb Early"]
[Site "Chess.com INT"]
[Date "2024.02.06"]
[Round "5"]
[White "Nakamura, Hikaru"]
[Black "Kilic, Eray"]
[Result "1-0"]
[WhiteElo "2788"]
[BlackElo "2439"]
[PlyCount "107"]
[EventDate "2024.02.06"]
[EventType "swiss (blitz)"]
[EventRounds "11"]
[EventCountry "USA"]
[SourceTitle "CB07_2024"]
[SourceDate "2024.02.14"]
[SourceVersion "1"]
[SourceVersionDate "2024.02.14"]
[SourceQuality "1"]

1. e4 c5 2. Nf3 d6 3. d4 cxd4 4. Qxd4 Nc6 5. Bb5 Bd7 6. Bxc6 Bxc6 7. Nc3 Nf6 8. Bg5 e6 9. 0-0-0 Be7 10. Qd3 Qa5 11. h4 h6 12. Bxf6 Bxf6 13. Nd4 Rc8 14. f4 Qb6 15. g3 Bxd4 16. Qxd4 Qxd4 17. Rxd4 Ke7 18. Rhd1 Rhd8 19. b3 Rc7 20. Kb2 a6 21. R1d2 Rcd7 22. a4 Rc7 23. R4d3 Rcd7 24. Re3 Kf8 25. Na2 d5 26. Nb4 d4 27. Re1 a5 28. Nd3 b6 29. Ne5 Rc7 30. Ka3 Bb7 31. c4 f6 32. Ng6+ Kf7 33. h5 d3 34. Kb2 Rd4 35. e5 Bf3 36. Kc3 Rcd7 37. f5 Bg4 38. fxe6+ Bxe6 39. Nf4 fxe5 40. Rxe5 Bg4 41. Nd5 R4xd5 42. Rxd5 Re7 43. R2xd3 Re1 44. Rb5 Re6 45. Rd4 Bh3 46. c5 bxc5 47. Rxc5 Re3+ 48. Rd3 Re1 49. Rxa5 Be6 50. Kb2 Re2+ 51. Ka3 Kf6 52. Rf3+ Ke7 53. Ra7+ Kd6 54. Rxg7 1-0

[Event "Titled Tuesday intern op 06th Feb Late"]
[Site "Chess.com INT"]
[Date "2024.02.06"]
[Round "1"]
[White "Seletsky, Grigory"]
[Black "Kilic, Eray"]
[Result "0-1"]
[WhiteElo "2181"]
[BlackElo "2439"]
[PlyCount "60"]
[EventDate "2024.02.06"]
[EventType "swiss (blitz)"]
[EventRounds "11"]
[EventCountry "USA"]
[SourceTitle "CB07_2024"]
[SourceDate "2024.02.14"]
[SourceVersion "1"]
[SourceVersionDate "2024.02.14"]
[SourceQuality "1"]

1. b3 e5 2. Bb2 Nc6 3. e3 Nf6 4. c4 d5 5. cxd5 Nxd5 6. a3 Bd6 7. Qc2 0-0 8. d3 Re8 9. Nd2 Be6 10. Be2 Qg5 11. g3 Rad8 12. Ngf3 Qe7 13. b4 a6 14. h4 h6 15. Ne4 f5 16. Nc5 Bxc5 17. bxc5 Bf7 18. 0-0 f4 19. exf4 exf4 20. Rfe1 fxg3 21. fxg3 Qe3+ 22. Kg2 Bh5 23. Qc4 Qxe2+ 24. Rxe2 Rxe2+ 25. Kh3 Bxf3 26. Rb1 Bg2+ 27. Kh2 Kh7 28. Kg1 Bf3 29. Qb3 Rg2+ 30. Kf1 Ne3+ 0-1

[Event "Titled Tuesday intern op 16th Jan Early"]
[Site "Chess.com INT"]
[Date "2024.01.16"]
[Round "5"]
[White "Nouali, Mohamed"]
[Black "Kilic, Eray"]
[Result "1-0"]
[WhiteElo "2137"]
[BlackElo "2452"]
[PlyCount "91"]
[EventDate "2024.01.16"]
[EventType "swiss (blitz)"]
[EventRounds "11"]
[EventCountry "USA"]
[SourceTitle "CB04_2024"]
[SourceDate "2023.10.16"]
[SourceVersion "1"]
[SourceVersionDate "2023.10.16"]
[SourceQuality "1"]

1. e4 e5 2. Bc4 d5 3. Bxd5 Nf6 4. Nc3 Bc5 5. h3 c6 6. Bb3 Qb6 7. Qf3 Bd6 8. Nge2 0-0 9. d3 Be6 10. Ng3 Nbd7 11. Nf5 Bb4 12. Bd2 a5 13. Qe3 Bc5 14. Qg3 Bxf5 15. exf5 Kh8 16. Na4 Qc7 17. Nxc5 Nxc5 18. d4 Nce4 19. Qxe5 Qd7 20. Be3 Rfe8 21. Qf4 a4 22. Bc4 Nd6 23. Bd3 Nd5 24. Qf3 a3 25. b3 Nb4 26. f6 g6 27. 0-0 Nxd3 28. cxd3 Nf5 29. Rfe1 Qe6 30. Bg5 Nxd4 31. Qg3 Ne2+ 32. Rxe2 Qxe2 33. Bh6 Qe5 34. Bg7+ Kg8 35. Qxe5 Rxe5 36. d4 Re2 37. f4 Rae8 38. f5 Rd2 39. Kh1 Ree2 40. Rg1 Rxd4 41. fxg6 hxg6 42. Kh2 Rxa2 43. Re1 Rd8 44. Re7 Rc2 45. Re4 Ra8 46. Rh4 1-0

[Event "Skopje op"]
[Site "Skopje"]
[Date "2023.12.10"]
[Round "6"]
[White "Kilic, Eray"]
[Black "Todev, Simeon"]
[Result "1-0"]
[WhiteElo "2448"]
[BlackElo "1999"]
[PlyCount "89"]
[EventDate "2023.12.06"]
[EventType "swiss"]
[EventRounds "9"]
[EventCountry "MKD"]
[SourceTitle "CB50_2023"]
[SourceDate "2023.12.13"]
[SourceVersion "1"]
[SourceVersionDate "2023.12.13"]
[SourceQuality "1"]

1. c4 c5 2. Nf3 Nc6 3. Nc3 g6 4. g3 Bg7 5. Bg2 e6 6. 0-0 Nge7 7. e3 0-0 8. d4 cxd4 9. Nxd4 a6 10. Nde2 b6 11. e4 Bb7 12. Be3 Rb8 13. Rc1 Ba8 14. b3 Qc7 15. Qd2 Rfd8 16. Rfd1 b5 17. c5 Rbc8 18. f4 f5 19. Bf2 Na5 20. Qe3 fxe4 21. Nxe4 Nd5 22. Qd2 Nf6 23. Nd6 Rb8 24. Bxa8 Rxa8 25. Bd4 Nc6 26. Bb2 Rf8 27. Nd4 Nxd4 28. Bxd4 Qc6 29. Qb2 Rad8 30. b4 h5 31. Bxf6 Bxf6 32. Qg2 h4 33. gxh4 Qxg2+ 34. Kxg2 Bxh4 35. Nb7 Rc8 36. Rxd7 Rxf4 37. Rf1 Bg5 38. Rxf4 Bxf4 39. Rd8+ Rxd8 40. Nxd8 Bb8 41. c6 e5 42. Ne6 Kf7 43. c7 Bxc7 44. Nxc7 Ke7 45. Nxa6 1-0

[Event "Belgrade Trophy 36th"]
[Site "Belgrade"]
[Date "2023.11.27"]
[Round "3"]
[White "Chelushkina, Irina"]
[Black "Kilic, Eray"]
[Result "0-1"]
[WhiteElo "2145"]
[BlackElo "2446"]
[PlyCount "52"]
[EventDate "2023.11.25"]
[EventType "swiss"]
[EventRounds "9"]
[EventCountry "SRB"]
[SourceTitle "CB49_2023"]
[SourceDate "2023.12.06"]
[SourceVersion "1"]
[SourceVersionDate "2023.12.06"]
[SourceQuality "1"]

1. e4 c5 2. Nf3 d6 3. c3 Nf6 4. Be2 g6 5. 0-0 Bg7 6. d3 0-0 7. Be3 Nc6 8. h3 e5 9. Nbd2 Qe7 10. Re1 d5 11. Bg5 d4 12. cxd4 cxd4 13. Qb1 h6 14. Bxf6 Bxf6 15. Bd1 Be6 16. Bb3 Rfc8 17. Rc1 a5 18. Bd5 Bxd5 19. exd5 Nb4 20. Nc4 b5 21. d6 Qe6 22. Na3 Rxc1+ 23. Qxc1 Nxd3 24. Qc6 Rc8 25. Qxb5 e4 26. Nd2 Nxf2 0-1